000 00601nam a2200229Ia 4500
003 OSt
005 20220918194624.0
006 a|||||r|||| 00| 0
007 ta
008 220917b |||||||| |||| 00| 0 eng d
024 _a80,547
037 _cTextual
040 _aARTS
_cARTS
_beng
041 _2eng
_aeng
082 _aS:7z7, K3
100 _aWhite Robert W ed
_985988
245 0 _aStudy of lives
_b essasy on personalitry in honor of Henry A Murry
260 _c1963
650 _aPSYCHOLOGY
942 _hS:7z7, K3
_cTEXL
_2CC
999 _c204270
_d204270